№ 3: [сборник]; Труды Ленинградского индустриального института

Λεπτομέρειες βιβλιογραφικής εγγραφής
Parent link:Труды Ленинградского индустриального института: [сборник]/ Ленинградский индустриальный институт (ЛИИ). № 3.— , 1936-1940
Συγγραφή απο Οργανισμό/Αρχή: Ленинградский индустриальный институт (ЛИИ)
Γλώσσα:Ρωσικά
Αγγλικά
Έκδοση: Ленинград, ОНТИ, 1940
Σειρά:Раздел электротехники Вып. 1
Θέματα:
Μορφή: Βιβλίο
KOHA link:https://koha.lib.tpu.ru/cgi-bin/koha/opac-detail.pl?biblionumber=352976

MARC

LEADER 00000nam2a2200000 4500
001 352976
005 20231102010541.0
035 |a (RuTPU)RU\TPU\retro\9904 
035 |a RU\TPU\retro\9902 
090 |a 352976 
100 |a 20200222d1940 k y0rusy50 ca 
101 0 |a rus  |a eng 
102 |a RU 
200 0 |a № 3  |e [сборник] 
210 |a Ленинград  |c ОНТИ  |d 1940 
215 |a 179 с. 
225 1 |a Раздел электротехники  |v Вып. 1 
461 1 |0 (RuTPU)RU\TPU\retro\9681  |t Труды Ленинградского индустриального института  |o [сборник]  |f Ленинградский индустриальный институт (ЛИИ)  |v № 3  |d 1936-1940 
517 1 |a Transactions of the Leningrad Industrial Institute 
606 1 |a Электротехника общая  |2 stltpush  |3 (RuTPU)RU\TPU\subj\20906  |9 45967 
610 1 |a пространственные контуры 
610 1 |a самоиндукция 
610 1 |a коэффициенты 
610 1 |a расчеты 
610 1 |a дальние электропередачи 
610 1 |a статическая устойчивость 
610 1 |a короткие замыкания 
610 1 |a ступенчатые отключения 
610 1 |a высоковольтные линии 
610 1 |a мощности 
610 1 |a камеры Oilblast 
610 1 |a расчеты 
610 1 |a двигатели Шраге и Осноса 
610 1 |a круговые диаграммы 
610 1 |a электропривода 
610 1 |a тепловая защита 
610 1 |a электродвигатели 
610 1 |a мощности 
712 0 2 |a Ленинградский индустриальный институт (ЛИИ)  |c (1934-1940)  |2 stltpush  |3 (RuTPU)RU\TPU\col\16262 
801 1 |a RU  |b 63413507  |c 20160623 
801 2 |a RU  |b 63413507  |c 20200208  |g RCR 
801 2 |a RU  |b 63413507  |c 20220414  |g RCR 
942 |c BK